Environmental analysis and technology for the refining industry

Kaydedildi:
Detaylı Bibliyografya
Yazar: Speight, James G.
Materyal Türü: Kitap
Dil:Undetermined
Baskı/Yayın Bilgisi: New Jersey Wiley - Interscience 2005
Konular:
Etiketler: Etiketle
Etiket eklenmemiş, İlk siz ekleyin!
Thư viện lưu trữ: Trung tâm Học liệu Trường Đại học Cần Thơ
LEADER 00624nam a2200205Ia 4500
001 CTU_100181
008 210402s9999 xx 000 0 und d
020 |c 1999000 
082 |a 665.538 
082 |b S742 
100 |a Speight, James G. 
245 0 |a Environmental analysis and technology for the refining industry 
245 0 |c James G. Speight 
260 |a New Jersey 
260 |b Wiley - Interscience 
260 |c 2005 
650 |a Petroleum refineries,Petroleum waste 
650 |x Waste disposal,Environmental aspects,Management 
904 |i Truc 
980 |a Trung tâm Học liệu Trường Đại học Cần Thơ